00238nam a2200085Ia 4500008004100000100001900041245005500060260002800115260000900143170620s9999 xx 000 0 und d aGawande- E. N. 0aValue Oriented Education- Vision for better living bNew Delhi- Sarup & sons c2006